[Event "Titled Tuesday intern op 6th June"]
[Site "Chess.com INT"]
[Date "2020.06.02"]
[Round "2"]
[White "Berthier"]
[Black "Damnjanovic, Radovan"]
[Result "1/2-1/2"]
[WhiteElo "2186"]
[BlackElo "2262"]
[PlyCount "157"]
[EventDate "2020.06.02"]
[EventType "swiss (blitz)"]
[EventRounds "10"]
[EventCountry "USA"]
[SourceTitle "CBM 196 Extra"]
[Source "ChessBase"]
[SourceDate "2020.07.31"]
[SourceVersion "1"]
[SourceVersionDate "2020.07.31"]
[SourceQuality "1"]

1. d4 c5 2. d5 e5 3. e4 d6 4. Nd2 a6 5. a4 Be7 6. g3 Bg5 7. Ngf3 Bxd2+ 8. Nxd2 Ne7 9. Bg2 Ng6 10. Nc4 0-0 11. h4 f5 12. Bg5 Ne7 13. 0-0 f4 14. Re1 h6 15. Bxe7 Qxe7 16. Nb6 Ra7 17. a5 Nd7 18. Nxc8 Rxc8 19. Bh3 Rf8 20. Be6+ Kh8 21. Qg4 Nf6 22. Qg6 Qe8 23. Qxe8 Nxe8 24. Kg2 Ra8 25. f3 fxg3 26. Kxg3 Nf6 27. Bg4 Rab8 28. Re3 g6 29. Rb3 Nxg4 30. Kxg4 Rf4+ 31. Kg3 Rbf8 32. Re1 R8f7 33. Ree3 R4f6 34. Rb6 Rd7 35. Reb3 Rff7 36. Re3 Kg7 37. Rc3 Kf8 38. b4 cxb4 39. Rc8+ Ke7 40. Rxb4 Kf6 41. c4 Rc7 42. Rh8 Kg7 43. Rb8 Kf6 44. Rd8 Rfd7 45. Rf8+ Rf7 46. Rd8 Rfd7 47. Rxd7 Rxd7 48. Rb6 Ke7 49. f4 exf4+ 50. Kxf4 Rc7 51. Ke3 Rxc4 52. Rxb7+ Kf6 53. Rb6 Ke5 54. Rxa6 Rc3+ 55. Kd2 Ra3 56. Kc2 g5 57. hxg5 hxg5 58. Kd2 Kxe4 59. Ke1 Kxd5 60. Kf2 Ke5 61. Ra8 d5 62. a6 Kd4 63. a7 Kd3 64. Kg3 d4 65. Kg4 Ra5 66. Kf3 Kd2 67. Ke4 d3 68. Kf3 Kd1 69. Ke3 d2 70. Kf2 g4 71. Kg2 Ra4 72. Kh2 Ra3 73. Kg2 Ra2 74. Kh2 Ke1 75. Re8+ Kf2 76. Rf8+ Ke1 77. Re8+ Kf1 78. Rf8+ Ke1 79. Re8+ 1/2-1/2

[Event "Titled Tuesday intern op 6th June"]
[Site "Chess.com INT"]
[Date "2020.06.02"]
[Round "1"]
[White "Damnjanovic, Radovan"]
[Black "Meissner, Felix"]
[Result "0-1"]
[WhiteElo "2262"]
[BlackElo "2362"]
[PlyCount "52"]
[EventDate "2020.06.02"]
[EventType "swiss (blitz)"]
[EventRounds "10"]
[EventCountry "USA"]
[SourceTitle "CBM 196 Extra"]
[Source "ChessBase"]
[SourceDate "2020.07.31"]
[SourceVersion "1"]
[SourceVersionDate "2020.07.31"]
[SourceQuality "1"]

1. d4 Nf6 2. c4 g6 3. Nc3 Bg7 4. e4 d6 5. Be2 0-0 6. Be3 Na6 7. g4 e5 8. d5 Nc5 9. Bf3 a5 10. h4 h5 11. gxh5 gxh5 12. Bxh5 Ncxe4 13. Be2 Nxc3 14. bxc3 Ne4 15. Qc1 f5 16. Bh6 Bxh6 17. Qxh6 Qf6 18. Qh5 Qh8 19. Qf3 Qh6 20. Nh3 Kh8 21. Rg1 Bd7 22. Ng5 Rf6 23. Rd1 Raf8 24. Qh3 Bc8 25. Nxe4 fxe4 26. Rg2 Bxh3 0-1

[Event "Titled Tuesday intern op 6th June"]
[Site "Chess.com INT"]
[Date "2020.06.02"]
[Round "4"]
[White "Mendes Domingues, Ribeiro Matheus"]
[Black "Damnjanovic, Radovan"]
[Result "1-0"]
[WhiteElo "2133"]
[BlackElo "2262"]
[PlyCount "51"]
[EventDate "2020.06.02"]
[EventType "swiss (blitz)"]
[EventRounds "10"]
[EventCountry "USA"]
[SourceTitle "CBM 196 Extra"]
[Source "ChessBase"]
[SourceDate "2020.07.31"]
[SourceVersion "1"]
[SourceVersionDate "2020.07.31"]
[SourceQuality "1"]

1. c4 Nf6 2. Nc3 g6 3. e4 d6 4. d4 Bg7 5. h3 0-0 6. Be3 c6 7. g4 e5 8. d5 a5 9. Nge2 cxd5 10. cxd5 Nbd7 11. Ng3 b6 12. Qd2 Nc5 13. f3 Re8 14. h4 Ba6 15. Bxa6 Rxa6 16. h5 Qd7 17. Bh6 Bh8 18. Qg5 Nd3+ 19. Kf1 Nf4 20. Nf5 b5 21. Bg7 Bxg7 22. Nxg7 Kxg7 23. h6+ Kg8 24. Qxf6 Kf8 25. a3 b4 26. axb4 1-0

[Event "Titled Tuesday intern op 12th May"]
[Site "Chess.com INT"]
[Date "2020.05.12"]
[Round "1"]
[White "Damnjanovic, Radovan"]
[Black "Ozdemir, Serhan Berat"]
[Result "0-1"]
[WhiteElo "2262"]
[BlackElo "2191"]
[PlyCount "74"]
[EventDate "2020.05.12"]
[EventType "swiss (blitz)"]
[EventRounds "10"]
[EventCountry "USA"]
[SourceTitle "EXT 2021"]
[Source "ChessBase"]
[SourceDate "2020.10.23"]
[SourceVersion "1"]
[SourceVersionDate "2020.10.23"]
[SourceQuality "1"]

1. d4 Nf6 2. c4 g6 3. Nc3 Bg7 4. e4 d6 5. Be2 0-0 6. Be3 c5 7. d5 e6 8. h3 exd5 9. exd5 Re8 10. Nf3 a6 11. a4 Nbd7 12. 0-0 Nh5 13. Qd2 f5 14. Bg5 Bf6 15. Rfe1 Ne5 16. Nxe5 Bxg5 17. Qd1 Rxe5 18. Bxh5 gxh5 19. Rxe5 dxe5 20. Qxh5 Qf6 21. Re1 Bd7 22. a5 Qg6 23. Qf3 Bf6 24. d6 Bc6 25. Nd5 Rd8 26. Qb3 Rxd6 27. Rxe5 Bxe5 28. Ne7+ Kf7 29. Nxg6 hxg6 30. g3 Be4 31. f4 Rd3 32. Qb6 Bd4+ 33. Kf1 Bf3 34. Qc7+ Kg8 35. Qd8+ Kh7 36. Qe7+ Bg7 37. Kf2 Be4 0-1

[Event "Titled Tuesday intern op 28th Apr"]
[Site "Chess.com INT"]
[Date "2020.04.28"]
[Round "2"]
[White "Damnjanovic, Radovan"]
[Black "Rakhmangulova, Anastasiya"]
[Result "1-0"]
[WhiteElo "2262"]
[BlackElo "2191"]
[PlyCount "64"]
[EventDate "2020.04.28"]
[EventType "swiss (blitz)"]
[EventRounds "10"]
[EventCountry "USA"]
[SourceTitle "EXT 2021"]
[Source "ChessBase"]
[SourceDate "2020.10.23"]
[SourceVersion "1"]
[SourceVersionDate "2020.10.23"]
[SourceQuality "1"]

1. d4 d5 2. Nf3 Nf6 3. g3 g6 4. Bg2 Bg7 5. 0-0 0-0 6. c4 c6 7. Nc3 dxc4 8. a4 Bf5 9. Ne5 Be6 10. e3 Nbd7 11. Nxd7 Qxd7 12. Qe2 Rad8 13. Bd2 b5 14. axb5 cxb5 15. Ra5 b4 16. Ne4 Nxe4 17. Bxe4 Rc8 18. Bxb4 Bg4 19. Qd2 Bh3 20. Rfa1 Rc7 21. Bc5 Qg4 22. Bh1 Rd8 23. Bxa7 e5 24. Bb6 exd4 25. Bxc7 Rc8 26. Ra8 dxe3 27. Qxe3 Bf8 28. Rxc8 Qxc8 29. Be5 Qf5 30. Bc3 h5 31. Qd4 f6 32. Qd5+ Qxd5 1-0

[Event "Titled Tuesday intern op 21st April"]
[Site "Chess.com INT"]
[Date "2020.04.21"]
[Round "7"]
[White "Damnjanovic, Radovan"]
[Black "Soza, Fernando"]
[Result "0-1"]
[WhiteElo "2262"]
[BlackElo "1858"]
[PlyCount "76"]
[EventDate "2020.04.21"]
[EventType "swiss (blitz)"]
[EventRounds "10"]
[EventCountry "USA"]
[SourceTitle "EXT 2021"]
[Source "ChessBase"]
[SourceDate "2020.10.23"]
[SourceVersion "1"]
[SourceVersionDate "2020.10.23"]
[SourceQuality "1"]

1. Nf3 d5 2. g3 Nc6 3. Bg2 e5 4. d3 Be6 5. 0-0 Nge7 6. c3 h6 7. e4 g5 8. Re1 Bg7 9. Nbd2 0-0 10. Nf1 Qd7 11. Qc2 Rad8 12. Be3 a5 13. Rad1 d4 14. cxd4 exd4 15. Bd2 Nb4 16. Bxb4 axb4 17. a3 Nc6 18. N1d2 Ra8 19. Ra1 Ra6 20. a4 b3 21. Nxb3 Nb4 22. Qd2 Bxb3 23. Qxb4 Bxa4 24. Nd2 Qb5 25. Qxb5 Bxb5 26. Rxa6 Bxa6 27. Bf1 Rd8 28. Rc1 c6 29. Nb3 Bb5 30. Nc5 b6 31. Nb3 Ra8 32. Nd2 Ra2 33. Nc4 Bxc4 34. Rxc4 c5 35. Rc2 Kf8 36. Bh3 Ke7 37. Bc8 Kd6 38. Bb7 Be5 0-1

[Event "Titled Tuesday intern op 21st April"]
[Site "Chess.com INT"]
[Date "2020.04.21"]
[Round "1"]
[White "Olsen, Filip Boe"]
[Black "Damnjanovic, Radovan"]
[Result "1-0"]
[WhiteElo "2353"]
[BlackElo "2262"]
[PlyCount "59"]
[EventDate "2020.04.21"]
[EventType "swiss (blitz)"]
[EventRounds "10"]
[EventCountry "USA"]
[SourceTitle "EXT 2021"]
[Source "ChessBase"]
[SourceDate "2020.10.23"]
[SourceVersion "1"]
[SourceVersionDate "2020.10.23"]
[SourceQuality "1"]

1. d4 c5 2. d5 e5 3. e4 d6 4. Nc3 Be7 5. Nf3 a6 6. a4 Bg4 7. h3 Bxf3 8. Qxf3 Bg5 9. Bxg5 Qxg5 10. Bd3 Ne7 11. h4 Qf4 12. Qxf4 exf4 13. Ne2 f3 14. gxf3 Nd7 15. f4 f5 16. f3 0-0 17. 0-0-0 Rac8 18. b3 Rb8 19. a5 Rbe8 20. h5 h6 21. Rdg1 Kh8 22. Rg3 Rf7 23. Rhg1 Ref8 24. Bc4 Nf6 25. e5 Nxh5 26. Rh3 g6 27. exd6 Ng8 28. Rxg6 Nhf6 29. Ng3 Kh7 30. Rg5 1-0

[Event "Zrenjanin"]
[Site "Zrenjanin"]
[Date "2011.07.08"]
[Round "1"]
[White "Markov, Slobodan"]
[Black "Damnjanovic, Radovan"]
[Result "0-1"]
[WhiteElo "2131"]
[BlackElo "2255"]
[PlyCount "60"]
[EventDate "2011.07.08"]
[EventType "tourn"]
[EventRounds "9"]
[EventCountry "SRB"]
[SourceTitle "EXT 2013"]
[Source "ChessBase"]
[SourceDate "2012.11.22"]
[SourceVersion "1"]
[SourceVersionDate "2012.11.22"]
[SourceQuality "1"]

1. c4 Nf6 2. Nc3 g6 3. g3 d5 4. cxd5 Nxd5 5. Qb3 Nb6 6. Bg2 Bg7 7. Nf3 0-0 8. 0-0 c5 9. a4 c4 10. Qa3 a5 11. b4 cxb3 12. Qxb3 Be6 13. Qb1 Nc6 14. Ng5 Bf5 15. e4 Bc8 16. Ra3 Nc4 17. Rd1 Nxa3 18. Bxa3 Re8 19. Qb3 e6 20. h4 Nd4 21. Qc4 h6 22. Nh3 b6 23. e5 Ba6 24. Qa2 Bxe5 25. f4 Bg7 26. Ne4 Ne2+ 27. Kh2 Qd4 28. Rb1 Bc4 29. Qc2 Bd3 30. Qd1 Bxe4 0-1

[Event "RC-2011-0-00073"]
[Site "LSS email"]
[Date "2011.06.21"]
[Round "?"]
[White "Dehaybe, Andre"]
[Black "Damnjanovic, Radovan"]
[Result "1/2-1/2"]
[WhiteElo "2054"]
[BlackElo "1763"]
[PlyCount "83"]
[EventDate "2011.04.30"]
[EventType "tourn (corr)"]
[EventRounds "6"]
[EventCountry "GER"]
[SourceTitle "Telechess CBM 149"]
[Source "ChessBase"]
[SourceDate "2012.07.17"]
[SourceVersion "1"]
[SourceVersionDate "2012.07.17"]
[SourceQuality "1"]

1. e4 c5 2. Nf3 Nc6 3. Bb5 e6 4. 0-0 Nge7 5. Re1 a6 6. Bf1 d5 7. exd5 Qxd5 8. Nc3 Qd8 9. Ne4 Nf5 10. c3 Be7 11. g4 Nh6 12. d4 cxd4 13. Nxd4 Nxd4 14. cxd4 0-0 15. Bxh6 gxh6 16. Bg2 Qb6 17. Qd2 Rd8 18. Qxh6 Qxd4 19. Rac1 Qg7 20. Qxg7+ Kxg7 21. Rc7 Bb4 22. Rec1 Ba5 23. R7c5 Bb6 24. Rg5+ Kh8 25. Rh5 Kg7 26. g5 Bd4 27. Ng3 Bd7 28. Be4 Bc6 29. Rxh7+ Kg8 30. Rh4 Bxb2 31. Rc2 Bxe4 32. Rxe4 Bh8 33. Rc7 Rd2 34. Rxb7 Rxa2 35. h4 Ba1 36. h5 a5 37. Rd7 a4 38. g6 fxg6 39. Rxe6 Rc2 40. Ne4 Rc4 41. Rxg6+ Kh8 42. Ng5 1/2-1/2

[Event "LSS No Engine Cup 43 Preliminary 1"]
[Site "LSS email"]
[Date "2011.05.27"]
[Round "?"]
[White "Damnjanovic, Radovan"]
[Black "Verich, Oleg"]
[Result "1-0"]
[WhiteElo "1763"]
[BlackElo "1088"]
[PlyCount "75"]
[EventDate "2011.05.28"]
[EventType "tourn (corr)"]
[EventRounds "6"]
[EventCountry "GER"]
[SourceTitle "Telechess CBM 151"]
[Source "ChessBase"]
[SourceDate "2012.11.13"]
[SourceVersion "1"]
[SourceVersionDate "2012.11.13"]
[SourceQuality "1"]

1. d4 Nf6 2. c4 e6 3. g3 Bb4+ 4. Bd2 Qe7 5. Bg2 c6 6. e4 d5 7. e5 Nfd7 8. c5 Bxd2+ 9. Nxd2 0-0 10. f4 b6 11. b4 Ba6 12. Ne2 f6 13. 0-0 fxe5 14. fxe5 Bd3 15. Rxf8+ Nxf8 16. Nf4 Bg6 17. Nb3 Nbd7 18. b5 bxc5 19. bxc6 Nb6 20. Nxc5 Rc8 21. a4 Rxc6 22. a5 Nbd7 23. Nxd5 exd5 24. Bxd5+ Kh8 25. Bxc6 Nxc5 26. Qf3 Nce6 27. Rf1 h6 28. d5 Qc5+ 29. Kg2 Kh7 30. dxe6 Nxe6 31. Qd5 Qe7 32. Qd6 Qd8 33. Qxe6 Qxa5 34. Qd5 Qb6 35. e6 Qb2+ 36. Rf2 Qb4 37. Qe5 Qb6 38. Be4 1-0

[Event "LSS No Engine Cup 43 Preliminary 1"]
[Site "LSS email"]
[Date "2011.05.27"]
[Round "?"]
[White "Kappel, Ray D"]
[Black "Damnjanovic, Radovan"]
[Result "0-1"]
[WhiteElo "1391"]
[BlackElo "1763"]
[PlyCount "76"]
[EventDate "2011.05.28"]
[EventType "tourn (corr)"]
[EventRounds "6"]
[EventCountry "GER"]
[SourceTitle "Telechess CBM 151"]
[Source "ChessBase"]
[SourceDate "2012.11.13"]
[SourceVersion "1"]
[SourceVersionDate "2012.11.13"]
[SourceQuality "1"]

1. e4 c5 2. Nf3 Nc6 3. d4 cxd4 4. Nxd4 Nf6 5. Nc3 d6 6. Bg5 g6 7. Qd2 Bg7 8. Nxc6 bxc6 9. 0-0-0 Rb8 10. e5 Nd5 11. f4 dxe5 12. Nxd5 cxd5 13. Qxd5 Qb6 14. Qb3 Qxb3 15. axb3 h6 16. Bh4 exf4 17. Bc4 g5 18. Bf2 0-0 19. Rd2 a5 20. Bd4 Bb7 21. Bxg7 Kxg7 22. Bd5 e5 23. Bxb7 Rxb7 24. Rd5 e4 25. Rxa5 Re8 26. Re1 Rd7 27. c4 e3 28. Re2 Re6 29. Rd5 Rxd5 30. cxd5 Rd6 31. h3 Rxd5 32. Kc2 f5 33. Kc3 Kf6 34. b4 g4 35. hxg4 fxg4 36. Kc4 Rd2 37. Re1 Rxg2 38. b5 Rxb2 0-1

[Event "OP-2011-0-01550"]
[Site "LSS email"]
[Date "2011.05.25"]
[Round "?"]
[White "Damnjanovic, Radovan"]
[Black "Basson, Heinrich"]
[Result "1/2-1/2"]
[WhiteElo "1716"]
[BlackElo "1318"]
[PlyCount "39"]
[EventDate "2011.05.23"]
[EventType "tourn (corr)"]
[EventRounds "4"]
[EventCountry "GER"]
[SourceTitle "Telechess CBM 145"]
[Source "Chessbase"]
[SourceDate "2011.11.11"]
[SourceVersion "1"]
[SourceVersionDate "2011.11.11"]
[SourceQuality "1"]

1. d4 d5 2. c4 c6 3. Nf3 Nf6 4. e3 e6 5. Nc3 Bb4 6. Bd3 0-0 7. 0-0 Nbd7 8. Qb3 a5 9. a3 Bd6 10. Qc2 dxc4 11. Bxc4 e5 12. h3 exd4 13. exd4 Nb6 14. Bd3 h6 15. Bd2 Be6 16. Rfe1 a4 17. Qc1 Re8 18. Bf4 Bxf4 19. Qxf4 Nbd5 20. Qd2 1/2-1/2

[Event "OP-2011-0-01549"]
[Site "LSS email"]
[Date "2011.05.25"]
[Round "?"]
[White "Heineccius, August"]
[Black "Damnjanovic, Radovan"]
[Result "0-1"]
[WhiteElo "1768"]
[BlackElo "1695"]
[PlyCount "40"]
[EventDate "2011.05.22"]
[EventType "tourn (corr)"]
[EventRounds "4"]
[EventCountry "GER"]
[SourceTitle "Telechess CBM 145"]
[Source "Chessbase"]
[SourceDate "2011.11.11"]
[SourceVersion "1"]
[SourceVersionDate "2011.11.11"]
[SourceQuality "1"]

1. d4 Nf6 2. Bg5 e6 3. e3 c5 4. Bc4 d5 5. Bb5+ Bd7 6. Nc3 Bxb5 7. Nxb5 Qa5+ 8. Nc3 Ne4 9. Nge2 Nxg5 10. 0-0 h6 11. f3 Nc6 12. f4 Ne4 13. Ng3 Nxg3 14. hxg3 cxd4 15. exd4 Nxd4 16. Qxd4 Bc5 17. b4 Bxd4+ 18. Kh2 Qxb4 19. Ne2 Bxa1 20. Rxa1 0-0 0-1

[Event "ZI-2011-0-00999"]
[Site "LSS email"]
[Date "2011.05.25"]
[Round "?"]
[White "Teverovski, Bogoljub"]
[Black "Damnjanovic, Radovan"]
[Result "1/2-1/2"]
[WhiteElo "1851"]
[BlackElo "1695"]
[PlyCount "91"]
[EventDate "2011.05.20"]
[EventType "match (corr)"]
[EventRounds "2"]
[EventCountry "GER"]
[SourceTitle "Telechess CBM 145"]
[Source "Chessbase"]
[SourceDate "2011.11.11"]
[SourceVersion "1"]
[SourceVersionDate "2011.11.11"]
[SourceQuality "1"]

1. d4 Nf6 2. c4 g6 3. Nf3 Bg7 4. g3 0-0 5. Bg2 d6 6. 0-0 Nc6 7. Nc3 a6 8. Re1 Rb8 9. Rb1 Na5 10. Qa4 b6 11. c5 Bd7 12. Qa3 Nc4 13. Qxa6 b5 14. Nh4 dxc5 15. dxc5 b4 16. Qxc4 Be6 17. Nd5 Nxd5 18. Qc2 c6 19. Ra1 Rb5 20. Bg5 h6 21. Bd2 Qb8 22. Qc1 Qa7 23. Bxh6 Rxc5 24. Qd2 Bxh6 25. Qxh6 Nf6 26. h3 Rh5 27. Qd2 Qb6 28. Rec1 Rd8 29. Rxc6 Qxf2+ 30. Kxf2 Rxd2 31. Nxg6 Bd7 32. g4 Bxc6 33. Nxe7+ Kg7 34. Nxc6 Rc5 35. Nxb4 Rc4 36. Nd3 Rcc2 37. Nf4 Rxb2 38. g5 Nd7 39. a4 Ra2 40. Rxa2 Rxa2 41. Bc6 Nc5 42. Kg3 Nxa4 43. h4 Nc3 44. Bf3 Nb5 45. Nh5+ Kf8 46. Nf6 1/2-1/2

[Event "RC-2011-0-00072"]
[Site "LSS email"]
[Date "2011.05.25"]
[Round "?"]
[White "Van Bommel, Ton"]
[Black "Damnjanovic, Radovan"]
[Result "1/2-1/2"]
[WhiteElo "1783"]
[BlackElo "1724"]
[PlyCount "69"]
[EventDate "2011.04.11"]
[EventType "tourn (corr)"]
[EventRounds "6"]
[EventCountry "GER"]
[SourceTitle "Telechess CBM 151"]
[Source "ChessBase"]
[SourceDate "2012.11.13"]
[SourceVersion "1"]
[SourceVersionDate "2012.11.13"]
[SourceQuality "1"]

1. e4 c5 2. Nf3 Nc6 3. d4 cxd4 4. Nxd4 Nf6 5. Nc3 d6 6. Bg5 g6 7. Bxf6 exf6 8. Bb5 Bd7 9. Qd2 Bg7 10. 0-0-0 0-0 11. Nxc6 Bxc6 12. Bxc6 bxc6 13. Qxd6 Qb6 14. Qd4 f5 15. Qxb6 axb6 16. exf5 Bxc3 17. bxc3 Rxa2 18. fxg6 fxg6 19. f3 Re8 20. Rhe1 Rxe1 21. Rxe1 Kf7 22. Kd2 b5 23. g3 h5 24. Re5 Ra1 25. h4 Rg1 26. Rg5 Rg2+ 27. Ke3 Rxc2 28. Rc5 Ke7 29. Rxc6 b4 30. Rxg6 Rxc3+ 31. Kf4 Rc4+ 32. Ke5 Rc3 33. Rb6 Rxf3 34. Rxb4 Rxg3 35. Rb7+ 1/2-1/2

[Event "OP-2011-0-01550"]
[Site "LSS email"]
[Date "2011.05.25"]
[Round "?"]
[White "Vontina, Maria"]
[Black "Damnjanovic, Radovan"]
[Result "0-1"]
[WhiteElo "652"]
[BlackElo "1716"]
[PlyCount "78"]
[EventDate "2011.05.23"]
[EventType "tourn (corr)"]
[EventRounds "4"]
[EventCountry "GER"]
[SourceTitle "Telechess CBM 145"]
[Source "Chessbase"]
[SourceDate "2011.11.11"]
[SourceVersion "1"]
[SourceVersionDate "2011.11.11"]
[SourceQuality "1"]

1. e4 c5 2. Nf3 Nc6 3. d4 cxd4 4. Nxd4 Nf6 5. Nc3 d6 6. Bg5 g6 7. Be2 Bg7 8. Nxc6 bxc6 9. 0-0 0-0 10. a3 Rb8 11. Rb1 d5 12. exd5 Nxd5 13. Bf3 Be6 14. Nxd5 cxd5 15. c3 Bf5 16. Rc1 Rxb2 17. Bxd5 h6 18. Bh4 g5 19. Bg3 e6 20. Bf3 Qxd1 21. Rfxd1 g4 22. Bc6 Rc8 23. Bd7 Rxc3 24. Rxc3 Bxc3 25. a4 Bc2 26. Rc1 Ra2 27. Bb5 Bd2 28. Rf1 a5 29. h3 gxh3 30. gxh3 Bxa4 31. Bxa4 Rxa4 32. Rb1 Bc3 33. Rb8+ Kh7 34. Rb1 Ra1 35. Rxa1 Bxa1 36. Bd6 Bb2 37. Kf1 a4 38. Ke2 a3 39. Bxa3 Bxa3 0-1

[Event "LSS No Engine Cup Gr03 prel 07 email"]
[Site "LSS email"]
[Date "2009.07.16"]
[Round "?"]
[White "Damnjanovic, Radovan"]
[Black "Pehl, Ferenc"]
[Result "1-0"]
[WhiteElo "1746"]
[BlackElo "797"]
[PlyCount "41"]
[EventDate "2009.07.17"]
[EventType "tourn (corr)"]
[EventRounds "6"]
[EventCountry "GER"]
[SourceTitle "Telechess CBM 135"]
[Source "ChessBase"]
[SourceDate "2010.03.17"]
[SourceVersion "1"]
[SourceVersionDate "2010.03.17"]
[SourceQuality "1"]

1. d4 Nf6 2. c4 e6 3. g3 d5 4. Bg2 Bb4+ 5. Nd2 0-0 6. a3 Bxd2+ 7. Qxd2 dxc4 8. Qc3 c6 9. Qxc4 Nbd7 10. Nf3 Nb6 11. Qc2 Re8 12. 0-0 Qe7 13. e4 h6 14. Re1 Bd7 15. Bd2 Rad8 16. Bb4 c5 17. dxc5 Bc6 18. cxb6 Qd7 19. Ne5 Qc8 20. Nxc6 bxc6 21. bxa7 1-0

[Event "LSS RC-2009-0-00029"]
[Site "LSS email"]
[Date "2009.07.08"]
[Round "?"]
[White "Damnjanovic, Radovan"]
[Black "Kis Kos, Laszlo"]
[Result "0-1"]
[WhiteElo "1746"]
[BlackElo "1686"]
[PlyCount "48"]
[EventDate "2009.05.05"]
[EventType "tourn (corr)"]
[EventRounds "6"]
[EventCountry "GER"]
[SourceTitle "Corr 2011"]
[Source "ChessBase"]
[SourceDate "2010.08.31"]
[SourceVersion "1"]
[SourceVersionDate "2010.08.31"]
[SourceQuality "1"]

1. d4 Nf6 2. c4 g6 3. Nc3 d5 4. g4 Bxg4 5. Qb3 Nbd7 6. cxd5 Nb6 7. f3 Bd7 8. e4 Bg7 9. a4 a5 10. Be3 c6 11. dxc6 bxc6 12. d5 Rb8 13. dxc6 Bxc6 14. Rd1 Nfd7 15. Qa3 0-0 16. h4 Qc7 17. h5 Ne5 18. hxg6 fxg6 19. Qa2+ Kh8 20. Be2 Ng4 21. fxg4 Qg3+ 22. Kd2 Rfd8+ 23. Bd3 Bxc3+ 24. bxc3 Bxe4 0-1

[Event "LSS RB-2009-0-00047"]
[Site "LSS email"]
[Date "2009.04.20"]
[Round "?"]
[White "Sherwood, Russell"]
[Black "Damnjanovic, Radovan"]
[Result "1-0"]
[WhiteElo "1829"]
[BlackElo "1964"]
[PlyCount "53"]
[EventDate "2009.03.02"]
[EventType "tourn (corr)"]
[EventRounds "6"]
[EventCountry "GER"]
[SourceTitle "Corr 2011"]
[Source "ChessBase"]
[SourceDate "2010.08.31"]
[SourceVersion "1"]
[SourceVersionDate "2010.08.31"]
[SourceQuality "1"]

1. e4 d6 2. d4 Nf6 3. Nc3 c6 4. f4 e5 5. dxe5 dxe5 6. Qxd8+ Kxd8 7. fxe5 Ng4 8. Nf3 Bc5 9. Na4 Bb4+ 10. c3 Be7 11. h3 Nh6 12. Be3 Nd7 13. 0-0-0 Ke8 14. c4 b6 15. Be2 Nf8 16. g4 Ne6 17. Nc3 Bc5 18. Bxc5 bxc5 19. Rd6 Bb7 20. Rhd1 Rd8 21. g5 Ng8 22. Na4 Rb8 23. Nh4 Ne7 24. Bg4 Nc8 25. Rd7 Nb6 26. Nxb6 axb6 27. g6 1-0

[Event "LSS RB-2009-0-00047"]
[Site "LSS email"]
[Date "2009.04.14"]
[Round "?"]
[White "Damnjanovic, Radovan"]
[Black "Marculescu, Gheorghe"]
[Result "0-1"]
[WhiteElo "1964"]
[BlackElo "1796"]
[PlyCount "34"]
[EventDate "2009.03.02"]
[EventType "tourn (corr)"]
[EventRounds "6"]
[EventCountry "GER"]
[SourceTitle "Corr 2011"]
[Source "ChessBase"]
[SourceDate "2010.08.31"]
[SourceVersion "1"]
[SourceVersionDate "2010.08.31"]
[SourceQuality "1"]

1. d4 d5 2. c4 e6 3. Nc3 Nf6 4. Nf3 Be7 5. Bf4 0-0 6. e3 Nc6 7. Bd3 Nh5 8. Bg3 g6 9. Rc1 b6 10. cxd5 exd5 11. Bb5 Na5 12. Bxc7 Qxc7 13. Nxd5 Qd6 14. Nxe7+ Qxe7 15. 0-0 Bb7 16. a3 Rac8 17. Be2 Nf4 0-1

[Event "LSS RB-2009-0-00046"]
[Site "LSS email"]
[Date "2009.04.14"]
[Round "?"]
[White "Pott, Brian"]
[Black "Damnjanovic, Radovan"]
[Result "1-0"]
[WhiteElo "1844"]
[BlackElo "1782"]
[PlyCount "57"]
[EventDate "2009.02.22"]
[EventType "tourn (corr)"]
[EventRounds "6"]
[EventCountry "GER"]
[SourceTitle "Corr 2011"]
[Source "ChessBase"]
[SourceDate "2010.08.31"]
[SourceVersion "1"]
[SourceVersionDate "2010.08.31"]
[SourceQuality "1"]

1. e4 c5 2. Nf3 Nc6 3. d4 cxd4 4. Nxd4 Nf6 5. Nc3 e5 6. Ndb5 d6 7. Bg5 a6 8. Na3 b5 9. Nd5 Be7 10. Bxf6 Bxf6 11. c3 Ne7 12. Nxf6+ gxf6 13. Bd3 f5 14. exf5 Bxf5 15. Bxf5 Nxf5 16. Qf3 Ne7 17. Nc2 a5 18. 0-0 Rb8 19. Rad1 0-0 20. Ne3 f5 21. Qh3 Rf6 22. f4 e4 23. g4 Kh8 24. g5 Rf7 25. Kh1 d5 26. Nxd5 Nxd5 27. g6 Rg7 28. Qxf5 Ne3 29. Rxd8+ 1-0

[Event "LSS RB-2009-0-00045"]
[Site "LSS email"]
[Date "2009.03.24"]
[Round "?"]
[White "Damnjanovic, Radovan"]
[Black "Ballo, Rene"]
[Result "1-0"]
[WhiteElo "1964"]
[BlackElo "1686"]
[PlyCount "25"]
[EventDate "2009.02.14"]
[EventType "tourn (corr)"]
[EventRounds "6"]
[EventCountry "GER"]
[SourceTitle "Corr 2013"]
[Source "ChessBase"]
[SourceDate "2012.11.12"]
[SourceVersion "1"]
[SourceVersionDate "2012.11.12"]
[SourceQuality "1"]

1. d4 Nc6 2. Nf3 g6 3. d5 Nb8 4. Qd4 Nf6 5. e4 d6 6. Nc3 Bg7 7. Bg5 0-0 8. 0-0-0 Bg4 9. Be2 e5 10. Qd2 Nbd7 11. Bh6 Nc5 12. Bxg7 Kxg7 13. Qe3 1-0